000 00781nam a2200253 i 4500
001 6622
003 ES-MaACL
005 20230906145023.0
007 t|
008 900206s1987 sp ||||1| spa d
020 _a84-249-1081-8
080 _a48.2
100 1 _aApolonio Discolo.
_922101
245 1 0 _aSintaxis /
_cApolonio Discolo ; introduccion, traduccion y notas por Vicente Becares Botas.
260 _aMadrid :
_bGredos,
_c1987.
300 _a409 p. ;
_c20 cm.
490 1 _aBiblioteca clásica Gredos ;
_v100
500 _aIndices.
650 1 4 _aLengua griega-
_xSintaxis.
_914249
700 1 _aBécares Botas, Vicente.
_926861
830 0 _aBiblioteca clásica Gredos ;
_v100
_9177556
852 _aES-MaACL
_jL-13805
_bR.117369
_z. - plast.
999 _c6622
_d6622